00415nam a22001337a 4500008004100000020001400041050002100055100002100076245007300097260005100170300002400221650001400245700002200259160223b xxu||||| |||| 00| 0 eng d a013767294 aBC 177 .P56 1993 aPinto, Robert C. aReasoning/ba practical guide/cRobert C. Pinto and J. Anthony Blair aEnglewood Cliffs, N.J.:bPrentice Hall,c1993. aiv, 136p.; c28 cm. aReasoning aBlair, J. Anthony